00852nam a22002411 4500001000700000003000900007005001700016007000300033008004100036016001800077040002100095080001600116100003900132245007300171260003700244300002700281490005200308650003100360830006000391852002000451999001900471952012000490134285ES-MaACL20250901110114.0t|070907s1913 sp ||||0| spa d7 zIND2000943932 aM-BN bspa cCDM a38(100)(02)1 aWhelpley, James Davenport.911663113aEl comercio del mundo / cversión castellana de Enrique Massaguer. aBarcelona : bMinerva, c[1913?] a436 p., 1 h ; c18 cm.1 aBiblioteca de cultura moderna y contemporánea14aComercio-vHistoria9111600 aBiblioteca de cultura moderna y contemporánea9181123 aES-MaACLjF-597 c134285d134285 00104070aATENEOMbATENEOMcDEPO2d2008-01-17eSCl0oF-597p1139779r2023-02-23 00:00:00w2023-02-23yMONOGRAFIA